MDQL
is popping MORE tags! Check the
thread
!
Quizzes
Events
Quiz Creation
Community
Videos
Private Events
Remove Ads
Sign In
Join for FREE
Feedback
Dark Mode
Quiz Categories
Sports
Geography
Music
Movies
Television
Just For Fun
Miscellaneous
History
Literature
Language
Science
Gaming
Entertainment
Religion
Holiday
For Kids
Quiz Lab
Recent
Popular Today
Quiz Kudos Today
Editor Picks
Curator Picks
Quizzes by...
Day
Popularity
Type
Ratings
Length
Year
Community
Subscriptions
Recent Discussions
Orange Saloon
Badges
Playlists
Quests
Create
Leaderboards
Showdown
Live 5
Trivia Bingo
Activity
Puzzle Library
Sporcle Events
Private Events
Virtual Trivia
Globe League
Become a Host
Pub Owners
SporcleCon
Opinionation
Our Games
Videos
Blog
Mobile Apps
Partnerships
Remove Ads and Go Orange
Feedback
Sports
Athletes
MLB
NBA
NHL
NFL
Soccer
Sports Teams
WWE
NCAA
Football
Premier League
Basketball
Baseball
Hockey
Golf
Tennis
Cricket
Rugby
Auto Racing
Olympics
World Cup
Sports
Athletes
MLB
NBA
NHL
NFL
Soccer
Sports Teams
WWE
NCAA
Football
Premier League
Basketball
Baseball
Hockey
Golf
Tennis
Cricket
Rugby
Auto Racing
Olympics
World Cup
Random Quiz
Search Sporcle
×
Quiz Lab
Quiz Lab
Sports
NBA
Type answers based on single images at one time
Type answers based on single images at one time
Slideshow
Best Score? Go Orange.
NBA Teams by Jersey Stats
Can you pick the NBA teams by the stylized number on their home jersey as shown?
By
jwyplatinum
8m
30 Questions
371 Plays
371 Plays
371 Plays
Comments
Comments
Give Quiz Kudos
Give Quiz Kudos
-
- Ratings
hide this ad
More Info
Replay
Link that replays current quiz
Next Quiz
Link to next quiz in quiz playlist
You Got
0%
They Got
Avg Score
76%
Avg Friend Score
Upgrade to see
Score Distribution
Jump to the score distribution portion of the page
Score
0/30
Timer
08:00
0
Plays Today
% Correct
Los Angeles Lakers
93%
Miami Heat
90.6%
Milwaukee Bucks
89.8%
Orlando Magic
86.8%
San Antonio Spurs
86.3%
Denver Nuggets
85.4%
Boston Celtics
84.1%
New York Knicks
83.6%
Memphis Grizzlies
82.7%
Los Angeles Clippers
82.5%
Detroit Pistons
82.2%
Brooklyn Nets
81.9%
Washington Wizards
80.6%
New Orleans Pelicans
79.8%
Oklahoma City Thunder
79%
% Correct
Sacramento Kings
78.7%
Indiana Pacers
78.4%
Dallas Mavericks
77.4%
Minnesota Timberwolves
73.6%
Houston Rockets
71.7%
Golden State Warriors
71.2%
Portland Trail Blazers
70.6%
Atlanta Hawks
69%
Toronto Raptors
67.9%
Cleveland Cavaliers
66.6%
Chicago Bulls
66.6%
Utah Jazz
62.8%
Philadelphia 76ers
58%
Phoenix Suns
57.4%
Charlotte Hornets
55.8%
Quiz Playlist
Details
Report
Send in Message
Add To Playlist
More Info:
Original game by jonesjeffum was fantastic and unashamedly the inspiration for this updated version.
Slideshow:
Type answers based on single images at one time
Quiz Source
Last Updated: Feb 16, 2017
Quiz Scoreboard
CHALLENGE
Sign Up to Join the Scoreboard
Show All
Scores
Hide
Comments
May contain spoilers
Recently Published
1-10 Letter E Words III
by El_Dandy
Language
2m
Street Fighter Characters
by Artimus82
Gaming
60s
College Basketball Coaching Resumes
by pancakes188
Sports
9m
More to Explore
Quiz From the Vault
Featured Blog Post
Where Did the Easter Bunny Come From?
hide this ad
You Might Also Like...
Tags
NBA Quiz
Jersey Numbers
Today's Top Quizzes in Sports
Browse Sports
hide this ad
Today's Top Quizzes in NBA
Browse NBA
Top Contributed Quizzes in Sports
1
2022 World Cup Stars
2
Les meilleurs buteurs des matchs entre le PSG et l’OM
3
FIFA Club World Cup Champions
4
Les entraîneurs de l'OM et du PSG au 21e siècle
5
Criteria MLB: Left Handed Sluggers
6
2023 MLB Unique Player Accomplishments
7
AFC Teams Reveal (Wrong Answers Minefield)
8
Players with Multiple 50 Home Run Seasons
9
5-to-1: FBS Animal Nicknames
10
5-to-1: UK Sports Teams
Explore More
Trending Topics
Kpop
Crossword
Anime
Harry Potter
Marvel
NBA
Disney
Puzzle
Soccer
WWE
Pokémon
Country
NFL
Song
The Office
hide this ad
More By:
jwyplatinum
Quiz
Plays
Rating
Category
Featured
Created
Jeopardy! Test - April 11, 2019
4,251
4.67
Television
Apr 25, 2019
Jeopardy! Test - April 10, 2019
3,083
4.00
Television
Apr 25, 2019
Jeopardy! Test - April 9, 2019
2,516
2.50
Television
Apr 25, 2019
Jeopardy! Test - June 1, 2017
2,369
4.67
Television
Apr 30, 2019
Jeopardy! Test - March 8, 2018
2,362
4.67
Television
Apr 26, 2019
Go to Creator's Profile
Score Distribution
Quiz Creator Spotlight
jwyplatinum
Follow
Send a Message
Quizzes Created
-
Created Quiz Play Count
-
More By This Creator
Popular Quizzes Today
1
Find the US States - No Outlines Minefield
2
Find the Countries of Europe - No Outlines Minefield
3
The Countries of the World
4
Find the US States
5
Risky Map Clicking: Biggest States A-Z
6
US States
7
Popular People in 1961
8
Movies - When Are They Set?
More Sports Quizzes
Cartoon Characters By Tennis GIF
Curator's Pick
Trending Quizzes
Risky Map Clicking: Least Populous States A-Z
Billboard Blitz: Aretha Franklin
1-10 Letter G Words
Countries of the World: 200 Million BC
1-10 Letter F Words
Recently Updated
Leaping Animals
pecheneg
Reality TV Shows (A-Z)
bhenderson79
Rickey Henderson's Hall of Fame Teammates
pecheneg
Champions League XIs: Arsenal
pecheneg
Quick Pick: Celebrities in WWE's Hall of Fame
aduchscher
A-Z Keypad Blitz II
pecheneg
Multiple Oscar Actors
pecheneg
Mystery Phrase Blitz: Oscar 'Best Actors'
pecheneg
F. Scott Fitzgerald Novels
LTH
Pick 3 Villains
ddd62291
Trending Topics
Anime
Disney
NBA
Crossword
Harry Potter
Marvel
Kpop
Pokémon
Puzzle
Country
WWE
The Office
NFL
Soccer
Song
Your Account Isn't Verified!
In order to create a playlist on Sporcle, you need to verify the email address you used during registration. Go to your
Sporcle Settings
to finish the process.
Report this User
Report this user for behavior that violates our
Community Guidelines
.
Details:
Send Report
Go to the Sporcle.com Mobile Site →
Comments